Media Management the age of Giants (Record no. 3968)

MARC details
000 -LEADER
fixed length control field 00407nam a22001697a 4500
005 - DATE AND TIME OF LATEST TRANSACTION
control field 20160625112705.0
008 - FIXED-LENGTH DATA ELEMENTS--GENERAL INFORMATION
fixed length control field 160625b xxu||||| |||| 00| 0 eng d
020 ## - INTERNATIONAL STANDARD BOOK NUMBER
ISBN 81-229-0192-1
041 ## - LANGUAGE CODE
Language code of text/sound track or separate title eng
082 ## - DEWEY DECIMAL CLASSIFICATION NUMBER
Item number 10155
100 ## - MAIN ENTRY--AUTHOR NAME
Personal name Herrck, Dennis F
245 ## - TITLE STATEMENT
Title Media Management the age of Giants
260 ## - PUBLICATION, DISTRIBUTION, ETC. (IMPRINT)
Name of publisher Surjeet
Year of publication 2005
300 ## - PHYSICAL DESCRIPTION
Number of Pages 382
650 ## - SUBJECT ADDED ENTRY--TOPICAL TERM
Topical Term Mass Communication
942 ## - ADDED ENTRY ELEMENTS (KOHA)
Koha item type Books
Holdings
Lost status Damaged status Home library Current library Shelving location Date acquired Cost, normal purchase price Full call number Accession Number Koha item type
    JRU Library   SHELF-32-J 25/06/2016 295.00 10155 10155 Books
    JRU Library   SHELF-31-I 25/06/2016 295.00 10155 10156 Books
    JRU Library   SHELF-31-I 25/06/2016 295.00 10155 10157 Books